Obras poéticas y literarias / (Registro nro. 68425)

Detalles MARC
000 -LEADER
campo de control de longitud fija 00755nam a2200217 i 4500
001 - NÚMERO DE CONTROL
campo de control 68425
003 - IDENTIFICADOR DE NÚMERO DE CONTROL
campo de control ES-MaACL
005 - FECHA Y HORA DE LA ÚLTIMA TRANSACCIÓN
campo de control 20250902063057.0
007 - CAMPO FIJO DE DESCRIPCIÓN FÍSICA--INFORMACIÓN GENERAL
campo de control de longitud fija t|
008 - DATOS DE LONGITUD FIJA--INFORMACIÓN GENERAL
campo de control de longitud fija 040628s1863 fr ||||1| spa d
080 ## - NÚMERO DE LA CLASIFICACIÓN DECIMAL UNIVERSAL
Número de la Clasificación Decimal Universal 821.134.2-82"18"
100 1# - ENTRADA PRINCIPAL--NOMBRE DE PERSONA
Nombre de persona García de Quevedo, José Heriberto,
Fechas asociadas al nombre 1819-1871
9 (RLIN) 54492
245 10 - MENCIÓN DEL TÍTULO
Título Obras poéticas y literarias /
Mención de responsabilidad, etc. de José Heriberto García de Quevedo.
260 ## - PUBLICACIÓN, DISTRIBUCIÓN, ETC.
Lugar de publicación, distribución, etc. Paris :
Nombre del editor, distribuidor, etc. E. Trumot y Cia.,
Fecha de publicación, distribución, etc. 1863.
300 ## - DESCRIPCIÓN FÍSICA
Extensión 2 v. ;
Dimensiones 21 cm.
490 1# - MENCIÓN DE SERIE
Mención de serie Colección de los mejores autores españoles ;
Designación de volumen o secuencia 57-58
597 ## - NOTA DE DESCRIPCIÓN FÍSICA
NOTA DE DESCRIPCIÓN FÍSICA Retrato de J. Heriberto Garcia de Quevedo.
830 0# - PUNTO DE ACCESO ADICIONAL DE SERIE-TÍTULO UNIFORME
Título uniforme Colección de los mejores autores españoles ;
Designación de volumen o secuencia 57-58
9 (RLIN) 186767
852 ## - LOCALIZACIÓN
Ubicación ES-MaACL
Número de control de estantería D-3428-29
Existencias
Estatus retirado Estado de pérdida Estado de daño No para préstamo Colección Biblioteca de origen Biblioteca actual Ubicación en estantería Fecha de adquisición Fuente de adquisición Total de préstamos Signatura topográfica completa Código de barras Visto por última vez Precio de reemplazo Tipo de ítem Koha
        Libros del s. XIX Biblioteca del Ateneo de Madrid Biblioteca del Ateneo de Madrid Sala Valle Inclán 17/01/2008     D-3428-29 901071627 23/02/2023 23/02/2023 Libro impreso antiguo